Thành ngữ Mường /
Đã lưu trong:
| 其他作者: | |
|---|---|
| 格式: | Sách giấy |
| 语言: | Vietnamese |
| 出版: |
H. :
Văn hoá-Thông tin,
2013.
|
| 主题: | |
| 标签: |
添加标签
没有标签, 成为第一个标记此记录!
|
| Thư viện lưu trữ: | Thư viện Trường Đại học Đà Lạt |
|---|
| LEADER | 00847nam a2200325 4500 | ||
|---|---|---|---|
| 001 | DLU140164833 | ||
| 005 | ##20141021 | ||
| 020 | # | # | |a 9786045003381 |
| 040 | # | # | |a DLU |b vie |
| 041 | # | # | |a vie |
| 044 | # | # | |a vn |
| 082 | # | # | |a 398.209 597 |b Tha |
| 245 | # | # | |a Thành ngữ Mường / |c Cao Sơn Hải sưu tầm và dịch. |
| 260 | # | # | |a H. : |b Văn hoá-Thông tin, |c 2013. |
| 300 | # | # | |a 215 tr. ; |c 21 cm. |
| 504 | # | # | |a Tài liệu tham khảo: tr.209 |
| 650 | # | # | |a Mường (Dân tộc Việt Nam) |x Văn hoá dân gian. |
| 650 | # | # | |a Thành ngữ. |
| 700 | # | # | |a Cao Sơn Hải, |e sưu tầm và dịch. |
| 923 | # | # | |a 04/2014 |
| 991 | # | # | |a SH |
| 992 | # | # | |a 8600 |
| 994 | # | # | |a DLU |
| 900 | # | # | |a True |
| 911 | # | # | |a Đào Thị Thu Huyền |
| 925 | # | # | |a G |
| 926 | # | # | |a A |
| 927 | # | # | |a SH |
| 980 | # | # | |a Thư viện Trường Đại học Đà Lạt |


